| 000 | 00578nam a2200169 i 4500 | ||
|---|---|---|---|
| 001 | 34727 | ||
| 003 | ES-MaACL | ||
| 005 | 20230906155002.0 | ||
| 007 | t| | ||
| 008 | 030207s1981 sp ||||1| spa d | ||
| 100 | 1 |
_aBoase, Roger. _929638 |
|
| 245 | 1 | 3 |
_aEl resurgimiento de los trovadores _b: un estudio del cambio social y el tradicionalismo en el final de la Edad Media / _cRoger Boase ; traducción José Miguel Muro. |
| 260 |
_a[Madrid] : _bPegaso, _c[1981] |
||
| 300 |
_a201 p. ; _c22 cm. |
||
| 700 | 1 |
_aMuro, José Miguel. _984607 |
|
| 852 |
_aES-MaACL _jL-2001 _bR.102883 |
||
| 999 |
_c34727 _d34727 |
||